000 00507nam a2200193 a 4500
001 1768898037747
003 YourLibrary
005 20260120141623.0
008 260120s1993##################000#0#eng##
020 _a9780415102414
082 0 4 _a303.4
_bMES
100 1 _aMestrovic, Stjepan G.,
_eauthor.
245 1 0 _aThe Barbarian Temperament :
260 _bPsychology Press,
_c1993.
300 _a326 pages
650 0 _aSocial Science.
942 _cENGLISH
040 _aYourLibrary
_beng
_cYourLibrary
999 _c608697
_d608697